| 000 | 00947cam a22003015a 4500 | ||
|---|---|---|---|
| 001 | 015978171 | ||
| 003 | EG-ScBUE | ||
| 005 | 20220104134646.0 | ||
| 008 | 111019s2012 enk f 000 1 eng d | ||
| 020 | _a9780141199320 | ||
| 020 | _a0141199326 | ||
| 040 |
_aStDuBDS _beng _erda _cStDuBDS _dUk _dEG-ScBUE |
||
| 082 | 0 | 4 |
_222 _a823.6 _bSMO |
| 100 | 1 |
_aSmollett, T. _q(Tobias), _d1721-1771, _eauthor. _940159 |
|
| 245 | 1 | 0 |
_aHumphry Clinker / _cTobias Smollett. |
| 264 | 1 |
_aLondon : _bPenguin Books, _c2012. |
|
| 300 |
_axi, 423 pages ; _c20 cm. |
||
| 336 |
_2rdacontent _atext _btxt |
||
| 337 |
_2rdamedia _aunmediated _bn |
||
| 338 |
_2rdacarrier _avolume _bnc |
||
| 490 | 0 | _aPenguin English Library | |
| 650 | _2BUEsh | ||
| 651 | 7 |
_aEngland _xSocial life and customs _vFiction. _2BUEsh _929951 |
|
| 651 | 7 |
_aEngland _xSocial conditions _vFiction. _2BUEsh _940160 |
|
| 653 |
_cJune2016 _bHHUUEENN |
||
| 655 |
_vReading book _934232 |
||
| 942 |
_2ddc _cBB |
||
| 999 |
_c21872 _d21844 |
||